|
|
|
|
| LEADER |
00853nab a2200229 i 4500 |
| 001 |
misc62038 |
| 005 |
20230629133636.0 |
| 008 |
230525s1962 hu o 0|| ger d |
| 040 |
|
|
|a SZTE Miscellanea Repozitórium
|b hun
|
| 041 |
|
|
|a ger
|
| 100 |
1 |
|
|a Rásonyi László
|
| 245 |
1 |
4 |
|a Der Frauenname bei den Türkvölkern
|h [elektronikus dokumentum] /
|c Rásonyi László
|
| 260 |
|
|
|a Harrassowitz
|b Wiesbaden
|c 1962
|
| 300 |
|
|
|a 223-239
|c 24 cm
|
| 300 |
|
|
|a [17] p.
|c 24 cm
|
| 490 |
0 |
|
|a Ural-Altaische Jahrbücher : Fortsetzung der "Ungarischen Jahrbücher" = Ural-Altaic yearbook
|
| 561 |
|
|
|a Németh Gyula hagyaték
|
| 591 |
|
|
|a LOA 3032; NOA 4816
|
| 650 |
|
4 |
|a Bölcsészettudományok
|
| 650 |
|
4 |
|a Nyelvek és irodalom
|
| 695 |
|
|
|a Névkutatás - török nyelvek
|
| 856 |
4 |
0 |
|u http://misc.bibl.u-szeged.hu/62038/1/4816_noa.pdf
|z Dokumentum-elérés
|